Mayan Astronomy and Astronomical Glyphs /

Estudio sobre la astronomía maya presentado en la Conferencia sobre sistemas de escritura mesoamericana, que tuvo lugar en Dumbarton Oaks, Washington, EUA, en 1971. Este documento presenta un estudio de glifos astronómicos mayas y los resultados preliminares de un análisis de características astronó...

Повний опис

Збережено в:
Бібліографічні деталі
Співавтор: Conference on Mesoamerican Writing Systems ( Dumbarton Oaks, Washington, EUA)
Інші автори: Kelley, David Humiston (autor) (autor), Kerr, K. Ann (autor) (autor)
Формат: Матеріали конференцій Книга
Мова:Англійська
Опубліковано: Washington, EUA : Trustees for Harvard University, Dumbarton Oaks, 1974
Предмети:
Теги: Додати тег
Немає тегів, Будьте першим, хто поставить тег для цього запису!

MARC

LEADER 00000nam^a2200000^a^4500
001 000563851
005 20250526000000.0
009 20260310132014.536
037 |a Acervo ITESO - Biblioteca 
041 |a ING 
091 |a FHA. 03009 
111 |a Conference on Mesoamerican Writing Systems (  |d 1971 :  |c Dumbarton Oaks, Washington, EUA) 
245 1 4 |a Mayan Astronomy and Astronomical Glyphs /  |c D.H. Kelley, K.A. Kerr. 
264 1 |a Washington, EUA :  |b Trustees for Harvard University, Dumbarton Oaks,  |c 1974 
300 |a p. 179-215 ;  |c 24.0 cm. 
336 |a texto  |b txt  |2 rdacontenido 
337 |a sin mediación  |b n  |2 rdamedio 
338 |a volumen  |b nc  |2 rdasoporte 
515 |a Inventario familia Hartung: 3715 
520 |a Estudio sobre la astronomía maya presentado en la Conferencia sobre sistemas de escritura mesoamericana, que tuvo lugar en Dumbarton Oaks, Washington, EUA, en 1971. Este documento presenta un estudio de glifos astronómicos mayas y los resultados preliminares de un análisis de características astronómicas de intervalos entre fechas mayas. Se considera la íntima relación en Mesoamérica entre la astronomía, por una parte, y la cosmología y la mitología por otra. 
561 |a Ex libris de Hartung Ashida [Familia] 
649 |a XX 
650 |a Mayas -  |x Condiciones Sociales y Culturales -  |x Tema Principal 
650 |a Mayas -  |x Historia -  |x Tema Principal 
650 |a Calendario Maya 
650 |a Mitología Maya 
650 |a Cosmología 
650 |a Petroglifos 
650 |a Paleografía -  |x Congresos 
650 |a Astronomía -  |x Congresos 
650 |a Astronomía -  |x Tema Principal 
650 |a Ciencias Espaciales 
650 |a Arqueología 
700 |a Kelley, David Humiston  |e (autor) 
700 |a Kerr, K. Ann  |e (autor) 
910 |a Fondo Horst Hartung Franz 
920 |a Impresos - Libros 
930 |a Libros Antiguos y Raros 
905 |a 135 
901 |a 0500330820  |b IT2  |c LRA  |i D  |u 20250526 
902 |a https://opac.biblio.iteso.mx/vufind/Record/000563851